Ψυχολογία ατομικών διαφορών : με στοιχεία διαγνωστικής ψυχολογίας
Αποθηκεύτηκε σε:
| Κύριος συγγραφέας: | |
|---|---|
| Μορφή: | Βιβλίο |
| Γλώσσα: | Greek |
| Δημοσίευση: |
Αθήνα :
[χ.ό.],
1979
|
| Έκδοση: | 2η έκδ. βελτιωμ. |
| Θέματα: | |
| Ετικέτες: |
Προσθήκη ετικέτας
Δεν υπάρχουν, Καταχωρήστε ετικέτα πρώτοι!
|
MARC
| LEADER | 00000cam a2200000 i 4500 | ||
|---|---|---|---|
| 001 | 1/78845 | ||
| 008 | 970221s1979 gr | ||| |||| ||gre|| | ||
| 035 | |a 1995 |b 1 |c Δωρεά |l 10033030 | ||
| 040 | |a GR-MY-UA |b gre |e aacr | ||
| 041 | 0 | |a gre | |
| 082 | 0 | |a 155.22 | |
| 100 | 1 | |a Παπαδόπουλος, Νίκος Γ. | |
| 245 | 1 | 0 | |a Ψυχολογία ατομικών διαφορών : |b με στοιχεία διαγνωστικής ψυχολογίας / |c Νίκου Γ. Παπαδοπούλου |
| 250 | |a 2η έκδ. βελτιωμ. | ||
| 260 | |a Αθήνα : |b [χ.ό.], |c 1979 | ||
| 300 | |a 239 σ. | ||
| 650 | 0 | 0 | |a Difference (Psychology) |
| 650 | 0 | 0 | |a Individuality. |
| 650 | 0 | 0 | |a Psychology. |
| 852 | |a INST |b RHODES |e 19970221 |h 155.22 ΠΑΠ |p 005400007278 |q 005400007278 |t BK |y 0 | ||
| 909 | |a Ρ |b 028450 |c 1995 | ||